عرض عادي عرض مارك

مدخل إسم جغرافي

عدد التسجيلات المستخدمة في: 1

001 - رقم الضبط

  • حقل الضبط: 2685

003 - معرف رقم الضبط

  • حقل الضبط: OSt

005 - تاريخ ووقت أخر عملية

  • حقل الضبط: 20110813004702.0

008 - عناصر بيانات ثابتة الطول

  • حقل تحكم ثابت الطول: 110813|||a|||||| | ||| d

040 ## - مصدر الفهرسة

  • هيئة الفهرسة الأصلية: OSt
  • وكالة الكتابة: OSt

151 ## - مدخل-- مصطلح تاريخي

  • اسم جغرافي:
  • تفريع عام: عادات وتقاليد .\\

670 ## - بيانات المصدر موجوده

  • الاستشهاد بالمصدر: Work cat.: (OSt)2609: البسام، ليلى صالح سليمان. 2683, التراث التقليدي لملابس النساء في نجد, 1405 = 1985